[Event "Novosibirsk CC-ch"]
[Site "Novosibirsk"]
[Date "2007.01.20"]
[Round "6"]
[White "Vershinin, Mikhail1111"]
[Black "Bostrikov, Igor"]
[Result "1-0"]
[WhiteElo "2082"]
[BlackElo "1992"]
[PlyCount "67"]
[EventDate "2007.01.14"]
[EventType "swiss"]
[EventRounds "11"]
[EventCountry "RUS"]
[SourceTitle "EXT 2010"]
[Source "ChessBase"]
[SourceDate "2010.11.25"]
[SourceVersion "1"]
[SourceVersionDate "2010.11.25"]
[SourceQuality "1"]

1. d4 Nf6 2. Nf3 g6 3. g3 Bg7 4. Bg2 0-0 5. 0-0 d6 6. b3 Nbd7 7. Bb2 c6 8. c4 Re8 9. Nc3 e5 10. dxe5 dxe5 11. e3 Qc7 12. Rc1 Nc5 13. b4 Rd8 14. Qe2 Nd3 15. Rcd1 Nxb2 16. Rxd8+ Qxd8 17. Qxb2 Qe7 18. c5 Bf5 19. a4 Rd8 20. Rc1 h5 21. b5 Nd5 22. Nxd5 Rxd5 23. Qb4 Qd7 24. h4 Rd1+ 25. Rxd1 Qxd1+ 26. Kh2 Qc2 27. bxc6 bxc6 28. Qb8+ Bf8 29. Qxe5 Bxc5 30. Ng5 Bd7 31. Qf6 Qf5 32. Qd8+ Kg7 33. e4 Qxf2 34. Qxd7 1-0

[Event "Novosibirsk CC-ch"]
[Site "Novosibirsk"]
[Date "2007.01.19"]
[Round "5"]
[White "Bostrikov, Igor"]
[Black "Survilo, Viktoria"]
[Result "1-0"]
[WhiteElo "1992"]
[BlackElo "1858"]
[PlyCount "51"]
[EventDate "2007.01.14"]
[EventType "swiss"]
[EventRounds "11"]
[EventCountry "RUS"]
[SourceTitle "EXT 2010"]
[Source "ChessBase"]
[SourceDate "2010.11.25"]
[SourceVersion "1"]
[SourceVersionDate "2010.11.25"]
[SourceQuality "1"]

1. e4 e6 2. d4 d5 3. Nd2 Nf6 4. e5 Nfd7 5. Bd3 c5 6. c3 Nc6 7. Ne2 cxd4 8. cxd4 f6 9. exf6 Nxf6 10. 0-0 Bd6 11. Nf3 0-0 12. Bg5 Qb6 13. Ng3 Bd7 14. Bxf6 Rxf6 15. Bxh7+ Kxh7 16. Ng5+ Kg8 17. Qh5 Ne7 18. Qh7+ Kf8 19. Qh8+ Ng8 20. Nh7+ Kf7 21. Nxf6 Bb5 22. Ngh5 gxf6 23. Qg7+ Ke8 24. Qxg8+ Bf8 25. Rfe1 Ke7 26. Nf4 1-0